Crepúsculo de los ídolos o Cómo se filosofa con el martillo / (Record no. 186070)

MARC details
000 -LEADER
campo de control de longitud fija 00975nam a2200253 i 4500
001 - NÚMERO DE CONTROL
campo de control 186070
003 - IDENTIFICADOR DE NÚMERO DE CONTROL
campo de control SpMaBN
005 - FECHA Y HORA DE LA ÚLTIMA TRANSACCIÓN
campo de control 20250804062801.0
008 - DATOS DE LONGITUD FIJA--INFORMACIÓN GENERAL
campo de control de longitud fija 160906s1984 sp |||| | spa d
020 ## - NÚMERO INTERNACIONAL ESTÁNDAR DEL LIBRO
Número Internacional Estándar del Libro 84-206-1467-X
080 ## - NÚMERO DE LA CLASIFICACIÓN DECIMAL UNIVERSAL
Número de la Clasificación Decimal Universal 1 Nietzsche, Friedrich
100 1# - ENTRADA PRINCIPAL--NOMBRE DE PERSONA
Nombre de persona Nietzsche, Friedrich,
Fechas asociadas al nombre 1844-1900
9 (RLIN) 85718
245 10 - MENCIÓN DEL TÍTULO
Título Crepúsculo de los ídolos o Cómo se filosofa con el martillo /
Mención de responsabilidad, etc. Friedrich Nietzsche ; introducción, traducción y notas de Andrés Sánchez Pascual.
246 30 - FORMA VARIANTE DEL TITULO
Título propio/Titulo breve Cómo se filosofa con el martillo
250 ## - MENCION DE EDICION
Mención de edición 7ª ed. en el "El libro de bolsillo".
260 ## - PUBLICACIÓN, DISTRIBUCIÓN, ETC.
Lugar de publicación, distribución, etc. Madrid :
Nombre del editor, distribuidor, etc. Alianza Editorial,
Fecha de publicación, distribución, etc. 1984.
300 ## - DESCRIPCIÓN FÍSICA
Extensión 173 p. ;
Dimensiones 18 cm.
490 1# - MENCIÓN DE SERIE
Mención de serie El libro de bolsillo ;
Designación de volumen o secuencia 467.
Mención de serie Humanidades
650 07 - PUNTO DE ACCESO ADICIONAL DE MATERIA--TÉRMINO DE MATERIA
Término de materia o nombre geográfico como elemento de entrada Filosofía
Fuente del encabezamiento o término embne
9 (RLIN) 12802
700 1# - ENTRADA AGREGADA--NOMBRE PERSONAL
Nombre de persona Sánchez Pascual, Andrés.
9 (RLIN) 102833
830 03 - PUNTO DE ACCESO ADICIONAL DE SERIE-TÍTULO UNIFORME
Título uniforme El libro de bolsillo.
Nombre de parte o sección de la obra Humanidades
Designación de volumen o secuencia 467.
9 (RLIN) 178672
852 ## - LOCALIZACIÓN
Ubicación ES-MaACL
Número de control de estantería L-30634
Nota libre . - Donat. Miguel A. Velasco
Holdings
Estatus retirado Estado de pérdida Estado de daño No para préstamo Biblioteca de origen Biblioteca actual Ubicación en estantería Fecha de adquisición Fuente de adquisición Total de préstamos Signatura topográfica completa Código de barras Visto por última vez Precio de reemplazo Tipo de ítem Koha
        Biblioteca del Ateneo de Madrid Biblioteca del Ateneo de Madrid Depósito 2 06/09/2016     L-30634 1196173 23/02/2023 23/02/2023 Libro impreso